00548nam a2200169 a 450000100100000000500170001000800410002704000250006808200220009310000180011524500980013325000110023126000430024230000280028550000350031370000300034800002223420200930011637.0100920s1981 mx a r 001 0 spa d aDO-SdBNPbspacBNPHU axxxxbD275f, 19811 aDaykin, P. W.10aFarmacología y terapéutica veterinaria /cP. W. Daykin ; traducción Ramón R. de Mata. a4a ed. aMéxico, D. F. :bcontinental,c1981. a903 p. :bil. ;c24 cm. aIncluye índice alfabético.1 aMata, Ramón R. de,etr.